UM Logo

Automated Barangay Statistics and Management Information System with Online Transaction Profiling (Record no. 14992)

MARC details
000 -LEADER
fixed length control field 00740nam a22001697a 4500
008 - FIXED-LENGTH DATA ELEMENTS--GENERAL INFORMATION
fixed length control field 200204b ||||| |||| 00| 0 eng d
082 ## - DEWEY DECIMAL CLASSIFICATION NUMBER
Edition number 2014
Classification number UT 1436
Item number C14
100 ## - MAIN ENTRY--PERSONAL NAME
Personal name Caminade, Felcris May F.
9 (RLIN) 41616
245 ## - TITLE STATEMENT
Title Automated Barangay Statistics and Management Information System with Online Transaction Profiling
Remainder of title A Pilot Study: San Jose, Digos City
Statement of responsibility, etc. Felcris May F. Caminade, Barbie Jean O. Morales, & Merchell D. Ibot
260 ## - PUBLICATION, DISTRIBUTION, ETC. (IMPRINT)
Place of publication, distribution, etc. Digos City
Name of publisher, distributor, etc. UMDC
Date of publication, distribution, etc. March 2014
300 ## - PHYSICAL DESCRIPTION
Extent 46 pages
Dimensions 30 cm
650 ## - SUBJECT ADDED ENTRY--TOPICAL TERM
Topical term or geographic name as entry element Technical Education
Form subdivision Information Technology
General subdivision Undergraduate Thesis
9 (RLIN) 41335
700 ## - ADDED ENTRY--PERSONAL NAME
Personal name Caminade, Felcris May F.
9 (RLIN) 41617
700 ## - ADDED ENTRY--PERSONAL NAME
Personal name Morales, Barbie Jean O.
9 (RLIN) 41618
700 ## - ADDED ENTRY--PERSONAL NAME
Personal name Ibot, Merchell D.
9 (RLIN) 41619
942 ## - ADDED ENTRY ELEMENTS (KOHA)
Source of classification or shelving scheme Dewey Decimal Classification
Koha item type Undergraduate Thesis
Holdings
Withdrawn status Lost status Source of classification or shelving scheme Damaged status Not for loan Collection code Home library Current library Date acquired Total Checkouts Full call number Barcode Date last seen Price effective from Koha item type
    Dewey Decimal Classification     Undergraduate Theses UM Digos College - LIC UM Digos College - LIC 01/22/2020   UT 1436 C14 2014 UT 1436 02/04/2020 02/04/2020 Undergraduate Thesis